| 000 | 00732cam a2200205 a 4500 | ||
|---|---|---|---|
| 999 |
_c58268 _d58268 |
||
| 001 | 15207277 | ||
| 005 | 20211018124526.0 | ||
| 008 | 080305s2007 caua 001 0 eng d | ||
| 020 | _a9788779897526 | ||
| 041 | _aeng | ||
| 080 | _a159.922 H-88 | ||
| 100 | 1 |
_aHubbard, L. Ron _q _d _912506 |
|
| 245 | 1 | 0 |
_aDianetics 55! : _bthe complete manual of human communication / _cL. Ron Hubbard. |
| 264 |
_aLos Angeles : _bNew Era, _c2007. |
||
| 300 |
_a343 p. : _bill. ; _c25 cm. |
||
| 653 | _athe complete manual of human communication | ||
| 653 | _aადამიანის კომუნიკაციის სრული სახელმძღვანელო | ||
| 653 | _aდიანეტიკა | ||
| 942 |
_2udc _cBK |
||